Consideraciones económicas sobre la Ley del Medio Ambiente
Guardado en:
| 格式: | Texto |
|---|---|
| 主題: | |
| 標簽: |
添加標簽
沒有標簽, 成為第一個標記此記錄!
|
MARC
| LEADER | 00000 a a2200000 04500 | ||
|---|---|---|---|
| 001 | 6214 | ||
| 003 | |||
| 040 | |||
| 245 | |a Consideraciones económicas sobre la Ley del Medio Ambiente | ||
| 650 | |a MEDIO AMBIENTE | ||
| 650 | |a LEGISLACION | ||
| 650 | |a DESARROLLO SUSTENTABLE | ||
| 650 | |a SISTEMAS ECONOMICOS | ||
| 650 | |a CRECIMIENTO ECONOMICO | ||
| 650 | |a ACUERDOS INTERNACIONALES | ||
| 773 | |g volumen 18, número 797; páginas 4-6 | ||
| 999 | |c 38923 |d 38923 | ||
